Managing for the future : (Record no. 2928)
[ view plain ]
| 000 -LEADER | |
|---|---|
| fixed length control field | 01078nac a22002651u 4500 |
| 010 ## - LIBRARY OF CONGRESS CONTROL NUMBER | |
| LC control number | 2003113908 |
| 020 ## - INTERNATIONAL STANDARD BOOK NUMBER | |
| International Standard Book Number | 0324055757 |
| 035 ## - SYSTEM CONTROL NUMBER | |
| System control number | (DLC) 2003113908 |
| 082 ## - DEWEY DECIMAL CLASSIFICATION NUMBER | |
| Classification number | 658.3 |
| Item number | An222 |
| 090 ## - LOCALLY ASSIGNED LC-TYPE CALL NUMBER (OCLC); LOCAL CALL NUMBER (OCLC) | |
| -- | 2928 |
| -- | 2928 |
| 100 ## - MAIN ENTRY--PERSONAL NAME | |
| Personal name | 20080729 |
| 245 00 - TITLE STATEMENT | |
| Title | Managing for the future : |
| Remainder of title | organizational behavior & processes / |
| Statement of responsibility, etc | Ancona ... [et al.]. |
| 246 30 - VARYING FORM OF TITLE | |
| Title proper/short title | Organizational behavior & processes |
| 246 30 - VARYING FORM OF TITLE | |
| Title proper/short title | Organizational behavior and processes |
| 250 ## - EDITION STATEMENT | |
| Edition statement | 3rd ed. |
| 260 ## - PUBLICATION, DISTRIBUTION, ETC. (IMPRINT) | |
| Place of publication, distribution, etc | [Mason, OH] : |
| Name of publisher, distributor, etc | Thomson/South-Western,2005 |
| Date of publication, distribution, etc | 2005. |
| 300 ## - PHYSICAL DESCRIPTION | |
| Extent | 1 v. (various pagings) : |
| Other physical details | ill. ; $c 28 cm. |
| 504 ## - BIBLIOGRAPHY, ETC. NOTE | |
| Bibliography, etc | Includes bibliographical references and index. |
| 650 #0 - SUBJECT ADDED ENTRY--TOPICAL TERM | |
| Topical term or geographic name as entry element | Personnel management. |
| 650 #0 - SUBJECT ADDED ENTRY--TOPICAL TERM | |
| Topical term or geographic name as entry element | Organizational change. |
| 700 1# - ADDED ENTRY--PERSONAL NAME | |
| Personal name | Ancona, Deborah G. |
| Fuller form of name | (Deborah Gladstein) |
| 856 41 - ELECTRONIC LOCATION AND ACCESS | |
| Materials specified | Table of contents |
| Uniform Resource Identifier | <a href="http://www.loc.gov/catdir/toc/fy046/2003113908.html">http://www.loc.gov/catdir/toc/fy046/2003113908.html</a> |
| 942 ## - ADDED ENTRY ELEMENTS (KOHA) | |
| Item type | Book - Borrowing |
| Call number prefix | 658.3An222 |
| Withdrawn status | Item status | Source of classification or shelving scheme | Damaged status | Not for loan | Vendor | Home library | Current library | Shelving location | Date acquired | Source of acquisition | Total Checkouts | Total Renewals | Full call number | Barcode | Date last seen | Date last borrowed | Koha item type |
|---|---|---|---|---|---|---|---|---|---|---|---|---|---|---|---|---|---|
| Dewey Decimal Classification | Baccah | Central Library | Central Library | First floor | 07/03/2012 | Purchase | 3 | 8 | 658.3 MAN | 000056400 | 15/07/2025 | 15/12/2020 | Book - Borrowing |